[Event "Stay Safe Play From Home 220"]
[Site "T#646737Emanuel Laske"]
[Date "2020.06.12"]
[Round "7"]
[White "Justwatch"]
[Black "buzaglo"]
[Result "0-1"]
[WhiteElo "1859"]
[BlackElo "1927"]
[Annotator "TA"]
[PlyCount "52"]
[EventDate "2020.06.12"]
[EventType "swiss (blitz)"]

{[%evp 9,51,-7,55,49,87,54,45,53,46,6,12,2,13,16,30,12,247,258,244,254,406,410,423,407,417,413,419,397,393,0,0,0,410,-29996,-29997,-29997,-29998,-29998,-1257,-29997,-29998,-29998,-29999,-29999]} 1. e4 e6 2. Nf3 d5 3. exd5 exd5 4. d4 Nf6 5. Bg5 c5 (5... Bd6 $11) 6. Bb5+ $14 {C01: French: Exchange Variation.} Bd7 7. Bxd7+ (7. Qe2+ {with more complications.} Qe7 8. Nc3 Qxe2+ 9. Bxe2 Nc6 10. dxc5 O-O-O 11. Bxf6 gxf6 12. Nxd5 Bf5 13. O-O-O) 7... Nbxd7 8. O-O {White is slightly better.} Be7 9. c3 O-O 10. Re1 {[#]} cxd4 $146 ({Predecessor:} 10... Re8 11. Nbd2 c4 12. Ne5 Qc7 13. Nxd7 Qxd7 14. b3 b5 15. a4 a6 16. axb5 axb5 17. Rxa8 Rxa8 18. bxc4 bxc4 {0-1 (46) Sedina,E (2353)-Mkrtchian,L (2458) Gaziantep 2012}) 11. Nxd4 h6 12. Bh4 Ne4 $2 (12... Bc5 $11) 13. Bxe7 $18 Qxe7 14. f3 Qg5 (14... Kh8 $142 15. fxe4 dxe4) 15. fxe4 dxe4 16. Rxe4 Nf6 17. Re2 Rfe8 {If only Black now had time for ...Rxe2....} 18. Rxe8+ Rxe8 19. Nd2 $2 ({White must play} 19. Qd2 $18) 19... Qe3+ $1 $11 20. Kh1 {Nc4 is the strong threat.} Ne4 $2 {[%mdl 8192]} (20... Ng4 $1 $11 {and Black is okay.} 21. Qxg4 Qe1+ 22. Nf1 Qxa1) 21. N2f3 $4 {[%mdl 8192]} (21. Nxe4 $18 Rxe4 22. g3) 21... Nf2+ {[%mdl 64] Double Attack} 22. Kg1 Nxd1+ 23. Kh1 Nf2+ 24. Kg1 {[#]} Nh3+ $1 {[%mdl 64] Discovered Attack (Double check). Black mates.} 25. Kh1 {[#]} Qg1+ $1 {[%mdl 512]} 26. Rxg1 Nf2# {Accuracy: White = 56%, Black = 56%.} 0-1

[Event "Stay Safe Play From Home 220"]
[Site "T#646737Emanuel Laske"]
[Date "2020.06.12"]
[Round "7"]
[White "Grizzzly"]
[Black "Haris kollari 13"]
[Result "0-1"]
[WhiteElo "1771"]
[BlackElo "1757"]
[Annotator "NA RC"]
[PlyCount "48"]
[EventDate "2020.06.12"]
[EventType "swiss (blitz)"]

1. Nf3 {[%emt 0:00:02]} e6 {[%emt 0:00:00]} 2. d4 {[%emt 0:00:01]} d5 {[%emt 0:00:00]} 3. Bf4 {[%emt 0:00:01]} c5 {[%emt 0:00:00]} 4. e3 {[%emt 0:00:00]} Nc6 {[%emt 0:00:01]} 5. c3 {[%emt 0:00:01]} f5 {[%emt 0:00:01]} 6. Bd3 {[%emt 0:00:01]} Nf6 {[%emt 0:00:01]} 7. O-O {[%emt 0:00:00]} c4 {[%emt 0:00:01]} 8. Ne5 {[%emt 0:00:00]} cxd3 {[%emt 0:00:02]} 9. Qxd3 {[%emt 0:00:00]} Nxe5 {[%emt 0:00:01]} 10. dxe5 {[%emt 0:00:01]} Nd7 {[%emt 0:00:01]} 11. Bg3 {[%emt 0:00:02]} Be7 {[%emt 0:00:01]} 12. f3 {[%emt 0:00:01]} O-O {[%emt 0:00:01]} 13. e4 {[%emt 0:00:00]} fxe4 {[%emt 0:00:02]} 14. fxe4 {[%emt 0:00:00]} Rxf1+ {[%emt 0:00:01]} 15. Kxf1 {[%emt 0:00:02]} dxe4 {[%emt 0:00:01]} 16. Qxe4 {[%emt 0:00:00]} Nb6 {[%emt 0:00:01]} 17. Nd2 {[%emt 0:00:01]} Bd7 {[%emt 0:00:01]} 18. Kg1 {[%emt 0:00:01]} Bc6 {[%emt 0:00:02]} 19. Qg4 {[%emt 0:00:03]} Qxd2 {[%emt 0:00:01]} 20. Qxe6+ {[%emt 0:00:01]} Kh8 {[%emt 0:00:02]} 21. Bf2 {[%emt 0:00:06]} Bc5 {[%emt 0:00:02]} 22. Rf1 {[%emt 0:00:06]} Rf8 {[%emt 0:00:02]} 23. Kh1 {[%emt 0:00:16]} h6 {[%emt 0:00:09]} 24. Bxc5 {[%emt 0:00:02]} Qxg2# {[%emt 0:00:02] (Lag: Av=0.35s, max=0.8s)} 0-1

[Event "Stay Safe Play From Home 220"]
[Site "T#646737Emanuel Laske"]
[Date "2020.06.12"]
[Round "7"]
[White "Edmatuag"]
[Black "Klasman"]
[Result "1-0"]
[WhiteElo "1729"]
[BlackElo "1301"]
[Annotator "NA RC"]
[PlyCount "45"]
[EventDate "2020.06.12"]
[EventType "swiss (blitz)"]

1. d4 {[%emt 0:00:02]} f5 {[%emt 0:00:01]} 2. c4 {[%emt 0:00:01]} Nf6 {[%emt 0:00:01]} 3. Nc3 {[%emt 0:00:01]} e6 {[%emt 0:00:01]} 4. Bg5 {[%emt 0:00:01]} Bb4 {[%emt 0:00:02]} 5. f3 {[%emt 0:00:01]} c5 {[%emt 0:00:01]} 6. Qb3 {[%emt 0:00:01]} Qa5 {[%emt 0:00:05]} 7. O-O-O {[%emt 0:00:03]} cxd4 {[%emt 0:00:06]} 8. Rxd4 {[%emt 0:00:02]} Nc6 {[%emt 0:00:01]} 9. Bxf6 {[%emt 0:00:04]} Nxd4 {[%emt 0:00:03]} 10. Bxd4 {[%emt 0:00:02]} O-O {[%emt 0:00:04]} 11. e4 {[%emt 0:00:03]} fxe4 {[%emt 0:00:03]} 12. Nge2 {[%emt 0:00:02]} exf3 {[%emt 0:00:02]} 13. Ng3 {[%emt 0:00:02]} a6 {[%emt 0:00:05]} 14. gxf3 {[%emt 0:00:10]} b5 {[%emt 0:00:01]} 15. Be2 {[%emt 0:00:04]} bxc4 {[%emt 0:00:02]} 16. Qxc4 {[%emt 0:00:06]} d5 {[%emt 0:00:02]} 17. Qd3 {[%emt 0:00:04]} Bd7 {[%emt 0:00:02]} 18. Qe3 {[%emt 0:00:01]} Rac8 {[%emt 0:00:03]} 19. Kb1 {[%emt 0:00:03]} Bxc3 {[%emt 0:00:01]} 20. Bxc3 {[%emt 0:00:02]} Qa4 {[%emt 0:00:06]} 21. Qe5 {[%emt 0:00:01]} Rxc3 {[%emt 0:00:02]} 22. Qxc3 {[%emt 0:00:02]} Rc8 {[%emt 0:00:03]} 23. Qe5 {[%emt 0:00:02] Time (Lag: Av=0.45s, max=0.8s)} 1-0

[Event "Stay Safe Play From Home 220"]
[Site "T#646737Emanuel Laske"]
[Date "2020.06.12"]
[Round "7"]
[White "Trotsky"]
[Black "Ovsaik"]
[Result "1-0"]
[WhiteElo "1627"]
[BlackElo "1886"]
[Annotator "NA RC"]
[PlyCount "23"]
[EventDate "2020.06.12"]
[EventType "swiss (blitz)"]

1. d4 {[%emt 0:00:01]} Nf6 {[%emt 0:00:01]} 2. e3 {[%emt 0:00:01]} e6 {[%emt 0:00:01]} 3. c4 {[%emt 0:00:01]} d5 {[%emt 0:00:00]} 4. Nc3 {[%emt 0:00:00]} Be7 {[%emt 0:00:01]} 5. Nf3 {[%emt 0:00:01]} O-O {[%emt 0:00:01]} 6. c5 {[%emt 0:00:00]} Nbd7 {[%emt 0:00:01]} 7. Qd2 {[%emt 0:00:00]} c6 {[%emt 0:00:01]} 8. Qc2 {[%emt 0:00:01]} Re8 {[%emt 0:00:01]} 9. Bd3 {[%emt 0:00:01]} Bf8 {[%emt 0:00:02]} 10. Ng5 {[%emt 0:00:01]} h6 {[%emt 0:00:02]} 11. Bh7+ {[%emt 0:00:01]} Nxh7 {[%emt 0:00:09]} 12. Qxh7# {[%emt 0:00:02] (Lag: Av=1.30s, max=1.7s)} 1-0

[Event "Stay Safe Play From Home 220"]
[Site "T#646737Emanuel Laske"]
[Date "2020.06.12"]
[Round "8"]
[White "Lamborghini"]
[Black "Justwatch"]
[Result "1-0"]
[WhiteElo "2252"]
[BlackElo "1845"]
[Annotator "TA"]
[PlyCount "87"]
[EventDate "2020.06.12"]
[EventType "swiss (blitz)"]

{[%evp 9,87,43,79,88,66,63,318,207,286,304,921,920,912,910,992,980,957,958,928,915,1059,1037,1165,1187,1227,1141,1144,1167,1228,1227,1188,1015,1332,1183,1172,1169,1168,1147,1146,1095,1260,1214,1435,1423,1576,1600,2492,2327,29981,29982,3555,1734,29987,29988,29988,29989,29999,900,860,863,897,896,1166,558,1077,1056,1054,894,1220,1046,1033,1005,1346,1309,1200,1170,6295,1143,2396,1121]} 1. e4 Nf6 2. e5 Nd5 3. d4 d6 4. Nf3 Bg4 5. Be2 g6 6. Ng5 {B05: Alekhine's Defence: 4 Nf3 Bg4.} Bxe2 7. Qxe2 {aiming for Qf3.} Bg7 $2 {[%mdl 8192] [#]} ({Better is} 7... e6 $1 $14) 8. e6 $146 {White has a decisive advantage.} ({Predecessor:} 8. Qf3 f6 9. Ne6 Qd7 10. Nxg7+ Kf7 11. e6+ {1-0 (11) Shim Ng Min,F (1109)-Bieszk,S (867) LSS email 2014}) 8... f6 9. Nf7 {[%mdl 64] Double Attack} Rf8 $2 (9... Qc8 10. Nxh8 Bxh8) 10. Nxd8 $18 Kxd8 11. O-O Nc6 12. Rd1 f5 13. c4 Nf6 14. d5 Ne5 15. Nc3 Nfg4 16. f3 Nf6 17. Bf4 Nh5 18. Be3 f4 19. Bd4 Rf5 20. Rd2 Rg5 21. Rad1 Ke8 22. Ne4 Rf5 23. b4 a6 24. a4 b6 25. c5 bxc5 26. bxc5 dxc5 27. Bxc5 Rb8 {[#]} 28. Bxe7 $1 Kxe7 29. d6+ cxd6 30. Nxd6 (30. Qxa6 $142 Kxe6 31. Qxd6+ {[%mdl 64] Double Attack} Kf7 32. Qxb8) 30... Rb3 31. Nxf5+ gxf5 {[#]} 32. Rd7+ $1 Kxe6 (32... Nxd7 33. exd7+) 33. Re7+ (33. R1d6# $142) 33... Kxe7 {White is clearly winning.} 34. Qc2 Rb7 35. Qxf5 {[%mdl 64] Double Attack} Nf6 36. Re1 (36. Qxe5+ $142 Kf7 37. Qxf4) 36... Rd7 37. Qxe5+ Kf7 38. Qa1 Re7 39. Qc1 Rxe1+ 40. Qxe1 Kg6 41. Qb1+ Kg5 42. Qb6 Nd5 43. Qxa6 Ne3 44. Qb5+ {White took control after the opening. Accuracy: White = 46%, Black =  9%.} 1-0

[Event "Stay Safe Play From Home 220"]
[Site "T#646737Emanuel Laske"]
[Date "2020.06.12"]
[Round "8"]
[White "Little champs"]
[Black "Greblah"]
[Result "1-0"]
[WhiteElo "2194"]
[BlackElo "1940"]
[Annotator "TA"]
[PlyCount "75"]
[EventDate "2020.06.12"]
[EventType "swiss (blitz)"]

{[%evp 14,74,29,23,65,16,80,72,71,45,97,69,170,97,114,97,109,65,204,188,197,86,102,85,88,91,209,189,179,182,271,210,412,403,385,291,433,339,345,308,479,479,605,606,745,578,574,479,668,570,29997,2386,29992,29993,29994,29995,29995,29996,29997,29998,29998,29999,29999]} 1. d4 c6 2. e3 d5 3. Nf3 Nf6 4. Be2 g6 5. O-O Bg7 6. c4 O-O 7. Nc3 dxc4 8. Bxc4 e6 {[#] D94: Grünfeld: 4 Nf3 Bg7 5 e3.} 9. Ne5 $146 ({Predecessor:} 9. Qc2 b5 10. Be2 Bb7 11. e4 c5 12. e5 Nfd7 13. dxc5 Nxe5 14. Nxe5 Bxe5 15. Nxb5 {½-½ (36) Ellis,M (2100)-Istomin,A (2139) ICCF email 2015}) 9... Bd7 (9... Nbd7 $11 {remains equal.}) 10. e4 $16 b5 {White is better.} 11. Bb3 Na6 ({Black should play} 11... c5 $14) 12. a3 {[%cal Ba2a3,Ba3b4][%mdl 32]} Nc7 (12... c5 $14) 13. f4 (13. Bg5 $18) 13... a5 14. Qf3 a4 15. Bc2 b4 (15... Nfe8 $1 $14) 16. axb4 Nb5 17. Nxb5 ({Resist} 17. Rxa4 $6 Nxd4 18. Qf2 Nxc2 $16) (17. Rd1 $18 {is more deadly.}) 17... cxb5 18. Be3 Rc8 19. Bd3 Qb6 (19... Qe7 $16) 20. d5 Qb7 {[%cal Re6d5]} 21. d6 Ne8 (21... Be8 $142 22. Rac1 Nd7) 22. Bc5 Bxe5 $2 (22... Nf6 23. Qe2 Rfd8) 23. fxe5 $18 Bc6 24. Rae1 Ng7 (24... f5 {is a better defense.} 25. Qg3 Qg7 26. exf5 gxf5 27. Qxg7+ Nxg7) 25. h4 Rcd8 26. g4 a3 (26... h5 $142 27. g5 Ra8) 27. bxa3 Rb8 28. h5 Ra8 29. h6 Ne8 30. Bc2 Ra7 31. d7 Bxe4 {[#]} 32. Bxe4 (32. Qxf7+ $142 $1 {[%mdl 512]} Rxf7 33. dxe8=Q+ Rf8 34. Rxf8#) 32... Qb8 33. dxe8=Q {White mates.} Rxe8 34. Qf6 {[%csl Gh6][%cal Rf6g7]} Qxe5 35. Qxe5 {[%csl Gh6][%cal Re5g7]} f6 36. Qxf6 Rd7 {[#]} 37. Qf8+ $1 {[%mdl 64] Back Rank} Rxf8 38. Rxf8# {Accuracy: White = 32%, Black = 23%.} 1-0

[Event "Stay Safe Play From Home 220"]
[Site "T#646737Emanuel Laske"]
[Date "2020.06.12"]
[Round "8"]
[White "Fischer_11"]
[Black "Toosieslide"]
[Result "0-1"]
[WhiteElo "2051"]
[BlackElo "2291"]
[Annotator "NA RC"]
[PlyCount "48"]
[EventDate "2020.06.12"]
[EventType "swiss (blitz)"]

1. e4 {[%emt 0:00:01]} e5 {[%emt 0:00:01]} 2. Nc3 {[%emt 0:00:02]} Nf6 {[%emt 0:00:01]} 3. Bc4 {[%emt 0:00:00]} Nxe4 {[%emt 0:00:01]} 4. Qh5 {[%emt 0:00:02]} Nd6 {[%emt 0:00:03]} 5. Bb3 {[%emt 0:00:00]} Be7 {[%emt 0:00:01]} 6. Nf3 {[%emt 0:00:01]} O-O {[%emt 0:00:01]} 7. Nxe5 {[%emt 0:00:01]} Nc6 {[%emt 0:00:01]} 8. Nxc6 {[%emt 0:00:01]} dxc6 {[%emt 0:00:00]} 9. O-O {[%emt 0:00:00]} Bf5 {[%emt 0:00:01]} 10. d4 {[%emt 0:00:01]} Qd7 {[%emt 0:00:01]} 11. Bg5 {[%emt 0:00:02]} h6 {[%emt 0:00:04]} 12. Bxe7 {[%emt 0:00:02]} Qxe7 {[%emt 0:00:01]} 13. Rfe1 {[%emt 0:00:02]} Qf6 {[%emt 0:00:01]} 14. d5 {[%emt 0:00:01]} c5 {[%emt 0:00:01]} 15. a3 {[%emt 0:00:14]} Rae8 {[%emt 0:00:02]} 16. h3 {[%emt 0:00:02]} c4 {[%emt 0:00:03]} 17. Ba2 {[%emt 0:00:01]} b5 {[%emt 0:00:01]} 18. f3 {[%emt 0:00:03]} Bxc2 {[%emt 0:00:01]} 19. Qg4 {[%emt 0:00:03]} Bf5 {[%emt 0:00:02]} 20. Qf4 {[%emt 0:00:01]} Bd3 {[%emt 0:00:01]} 21. Rxe8 {[%emt 0:00:02]} Qxf4 {[%emt 0:00:02]} 22. Rxf8+ {[%emt 0:00:01]} Kxf8 {[%emt 0:00:00]} 23. Re1 {[%emt 0:00:02]} Qd2 {[%emt 0:00:01]} 24. Ne4 {[%emt 0:00:00]} Qxe1+ {[%emt 0:00:01] Fischer_11 gibt auf (Lag: Av=0.86s, max=5.6s)} 0-1

[Event "Stay Safe Play From Home 220"]
[Site "T#646737Emanuel Laske"]
[Date "2020.06.12"]
[Round "8"]
[White "buzaglo"]
[Black "Mepe_Nika"]
[Result "0-1"]
[WhiteElo "1940"]
[BlackElo "2401"]
[Annotator "TA"]
[PlyCount "72"]
[EventDate "2020.06.12"]
[EventType "swiss (blitz)"]

{[%evp 9,71,-71,-50,-54,-52,-56,-37,-369,-358,-361,-372,-373,-371,-432,-455,-477,-452,-432,-442,-520,-529,-611,-610,-671,-680,-668,-635,-729,-695,-1118,-1106,-1425,-1383,-1995,-1484,-3262,-3152,-7467,-8048,-3866,-3639,-3781,-2873,-29992,-29989,-29989,-29990,-29990,-29991,-29992,-29993,-29993,-29994,-29994,-29995,-29995,-29996,-29997,-29998,-29998,-29999,-29999,-29999,-29999]} 1. d4 c5 2. Nf3 cxd4 3. g3 Nc6 4. Bg2 e5 5. O-O Nf6 6. c3 {A43: Schmid Benoni.} dxc3 7. Nxc3 Be7 {[#]} (7... d5 {is more complex.} 8. Qa4 Bd7 9. Bg5 d4 10. Nd5 Nb4) 8. Bf4 $146 {[%mdl 8192] [#]} (8. Bg5 $15) ({Predecessor:} 8. Bg5 O-O 9. Qd2 h6 10. Bxf6 Bxf6 11. Rfd1 Be7 12. a3 Re8 13. Nd5 Bf8 14. b4 {1-0 (53) Radusinovic,L (2326)-Peovic,M (2268) Belgrade 2012}) 8... exf4 $19 9. gxf4 O-O 10. e4 d6 11. e5 dxe5 12. fxe5 Qxd1 13. Raxd1 Ng4 14. e6 Bxe6 15. Ne4 Rad8 16. Rc1 Bxa2 17. h3 Nge5 18. Nc3 Bc4 19. Ng5 Bxg5 20. Rfe1 Nd3 21. Ne4 Nxc1 22. Rxc1 Bxc1 23. b3 Rd1+ 24. Kh2 Bf4+ 25. Ng3 Bxb3 {[#] ( -> ...Rd2)} 26. h4 a5 {Black mates.} 27. Kh3 Bxg3 28. fxg3 a4 29. Kg4 a3 30. Bxc6 bxc6 31. h5 a2 32. h6 a1=Q 33. Kf4 Qd4+ 34. Kf3 Bd5+ 35. Ke2 Rd2+ 36. Kf1 Qf2# {White got outplayed after the opening. Accuracy: White = 34%, Black = 100%.} 0-1

[Event "Stay Safe Play From Home 220"]
[Site "T#646737Emanuel Laske"]
[Date "2020.06.12"]
[Round "8"]
[White "Ovsaik"]
[Black "Haxhi Baha"]
[Result "0-1"]
[WhiteElo "1859"]
[BlackElo "1954"]
[Annotator "TA"]
[PlyCount "78"]
[EventDate "2020.06.12"]
[EventType "swiss (blitz)"]

{[%evp 9,78,0,0,0,0,-43,-21,-31,29,9,28,-212,-220,-222,909,900,887,922,914,895,1045,915,1059,903,902,892,1021,1004,1052,1052,1048,1036,1191,1172,1294,1158,1183,1135,1257,1229,1383,1354,1365,1352,1366,1406,1380,1277,1218,1291,1386,1244,1355,1328,1762,1690,1539,576,1181,550,950,-688,436,-29990,-29991,-29991,-29992,-29995,-29996,-29999,-1675]} 1. d4 d5 2. Nf3 e6 3. Bf4 Bd6 4. e3 Qe7 5. Bg3 Bxg3 6. hxg3 {D02: 1 d4 d5 2 Nf3 sidelines, including 2...Nf6 3 g3 and 2...Nf6 3 Bf4.} Qb4+ {[#]} 7. Qd2 $146 ({Predecessor:} 7. Nbd2 Qxb2 8. c4 Nf6 9. Bd3 Qc3 10. Ke2 Ng4 11. Qb1 c6 12. Rc1 Qa5 13. Bxh7 {1-0 (31) Foermes,A (2074)-Schellen,S (1835) Heusenstamm 2019}) 7... Qxb2 8. Qc3 {The position is equal.} Qc1+ 9. Ke2 b6 {aiming for ...Ba6+.} 10. Nfd2 $2 (10. Ne5 $11 {and White is okay.} Ba6+ 11. Nd3 Bxd3+ 12. Kxd3 Qd1+ 13. Nd2) 10... Ba6+ $19 11. Kf3 Bb7 $4 {[%mdl 8192]} (11... Qd1+ $19 12. Kf4 Bxf1 13. Rxf1 Qe2) 12. Bb5+ $18 {[%mdl 64] [#] Discovered Attack} c6 13. Rxc1 cxb5 14. a4 {[%cal Ba2a4,Ba4b5][%mdl 32]} Ne7 15. axb5 Bc8 16. Qd3 O-O 17. c4 f5 18. c5 Nd7 19. c6 Nf6 20. Nc3 g5 21. Ke2 Ne4 22. Ndxe4 fxe4 23. Qd2 e5 24. Rf1 Bg4+ 25. f3 exf3+ 26. gxf3 Bh3 27. Rh1 g4 28. fxg4 Bxg4+ 29. Ke1 e4 30. Ne2 Rf3 31. Rf1 Nf5 32. Rxf3 exf3 33. Kd1 Re8 34. Kc2 Nxe3+ 35. Kb2 $4 {[%mdl 8192]} (35. Kb3 $18 fxe2 36. c7) 35... fxe2 $4 {[%mdl 8192]} (35... Nc4+ $19 36. Kc3 Nxd2) 36. Rxa7 $4 {[%mdl 8192]} (36. Kb3 $18) 36... Nc4+ {[%mdl 64] [#] Double Attack. Black mates.} 37. Kc3 Nxd2 38. Kxd2 e1=Q+ {[%mdl 64] Double Attack} 39. Kd3 Re3+ {Accuracy: White = 32%, Black = 48%.} (39... Bf5# $142) 0-1

[Event "Stay Safe Play From Home 220"]
[Site "T#646737Emanuel Laske"]
[Date "2020.06.12"]
[Round "8"]
[White "Haris kollari 13"]
[Black "Lazieri3"]
[Result "0-1"]
[WhiteElo "1775"]
[BlackElo "1974"]
[Annotator "NA RC"]
[PlyCount "86"]
[EventDate "2020.06.12"]
[EventType "swiss (blitz)"]

1. e4 {[%emt 0:00:01]} c6 {[%emt 0:00:00]} 2. f4 {[%emt 0:00:01]} d5 {[%emt 0:00:00]} 3. e5 {[%emt 0:00:00]} Bf5 {[%emt 0:00:01]} 4. d4 {[%emt 0:00:00]} e6 {[%emt 0:00:01]} 5. Nf3 {[%emt 0:00:00]} h6 {[%emt 0:00:00]} 6. c3 {[%emt 0:00:00]} c5 {[%emt 0:00:01]} 7. Bd3 {[%emt 0:00:01]} Bxd3 {[%emt 0:00:01]} 8. Qxd3 {[%emt 0:00:01]} Nc6 {[%emt 0:00:01]} 9. Be3 {[%emt 0:00:01]} cxd4 {[%emt 0:00:01]} 10. cxd4 {[%emt 0:00:01]} Bb4+ {[%emt 0:00:01]} 11. Nc3 {[%emt 0:00:01]} Nge7 {[%emt 0:00:01]} 12. O-O {[%emt 0:00:02]} Nf5 {[%emt 0:00:02]} 13. Bf2 {[%emt 0:00:01]} O-O {[%emt 0:00:01]} 14. a3 {[%emt 0:00:01]} Bxc3 {[%emt 0:00:01]} 15. bxc3 {[%emt 0:00:01]} Rc8 {[%emt 0:00:00]} 16. Rab1 {[%emt 0:00:01]} b6 {[%emt 0:00:01]} 17. g4 {[%emt 0:00:04]} Nfe7 {[%emt 0:00:03]} 18. h4 {[%emt 0:00:02]} Na5 {[%emt 0:00:02]} 19. f5 {[%emt 0:00:01]} exf5 {[%emt 0:00:01]} 20. gxf5 {[%emt 0:00:01]} f6 {[%emt 0:00:01]} 21. e6 {[%emt 0:00:02]} Nc4 {[%emt 0:00:01]} 22. a4 {[%emt 0:00:02]} Qd6 {[%emt 0:00:04]} 23. h5 {[%emt 0:00:02]} Qf4 {[%emt 0:00:02]} 24. Nh4 {[%emt 0:00:05]} Qg4+ {[%emt 0:00:03]} 25. Qg3 {[%emt 0:00:03]} Qxh5 {[%emt 0:00:03]} 26. Be1 {[%emt 0:00:04]} Qg5 {[%emt 0:00:08]} 27. Qxg5 {[%emt 0:00:05]} fxg5 {[%emt 0:00:00]} 28. Ng6 {[%emt 0:00:03]} Nxg6 {[%emt 0:00:01]} 29. fxg6 {[%emt 0:00:01]} Rxf1+ {[%emt 0:00:01]} 30. Kxf1 {[%emt 0:00:01]} Re8 {[%emt 0:00:01]} 31. Bg3 {[%emt 0:00:05]} Rxe6 {[%emt 0:00:01]} 32. Re1 {[%emt 0:00:00]} Rxg6 {[%emt 0:00:02]} 33. Re8+ {[%emt 0:00:01]} Kh7 {[%emt 0:00:01]} 34. Ra8 {[%emt 0:00:00]} a5 {[%emt 0:00:01]} 35. Rb8 {[%emt 0:00:01]} Rf6+ {[%emt 0:00:02]} 36. Ke2 {[%emt 0:00:00]} h5 {[%emt 0:00:01]} 37. Be5 {[%emt 0:00:01]} Nxe5 {[%emt 0:00:01]} 38. dxe5 {[%emt 0:00:01]} Re6 {[%emt 0:00:00]} 39. Kd3 {[%emt 0:00:00]} Rxe5 {[%emt 0:00:01]} 40. Rxb6 {[%emt 0:00:00]} h4 {[%emt 0:00:01]} 41. Kd4 {[%emt 0:00:01]} Re4+ {[%emt 0:00:01]} 42. Kxd5 {[%emt 0:00:00]} Rxa4 {[%emt 0:00:00]} 43. Rb5 {[%emt 0:00:01]} Rg4 {[%emt 0:00:01] Time (Lag: Av=0.59s, max=4.7s)} 0-1

[Event "Stay Safe Play From Home 220"]
[Site "T#646737Emanuel Laske"]
[Date "2020.06.12"]
[Round "8"]
[White "Trotsky"]
[Black "Edmatuag"]
[Result "1-0"]
[WhiteElo "1655"]
[BlackElo "1732"]
[Annotator "NA RC"]
[PlyCount "47"]
[EventDate "2020.06.12"]
[EventType "swiss (blitz)"]

1. d4 {[%emt 0:00:01]} b6 {[%emt 0:00:03]} 2. e3 {[%emt 0:00:00]} Bb7 {[%emt 0:00:01]} 3. c4 {[%emt 0:00:00]} d6 {[%emt 0:00:01]} 4. Nc3 {[%emt 0:00:00]} Nd7 {[%emt 0:00:01]} 5. Qc2 {[%emt 0:00:01]} e6 {[%emt 0:00:01]} 6. f3 {[%emt 0:00:00]} Ne7 {[%emt 0:00:01]} 7. Bd3 {[%emt 0:00:01]} Ng6 {[%emt 0:00:01]} 8. h4 {[%emt 0:00:01]} Be7 {[%emt 0:00:02]} 9. Bd2 {[%emt 0:00:01]} Nf6 {[%emt 0:00:04]} 10. O-O-O {[%emt 0:00:01]} Qd7 {[%emt 0:00:02]} 11. Nh3 {[%emt 0:00:01]} a6 {[%emt 0:00:02]} 12. Ng5 {[%emt 0:00:01]} h6 {[%emt 0:00:07]} 13. Bxg6 {[%emt 0:00:02]} hxg5 {[%emt 0:00:03]} 14. hxg5 {[%emt 0:00:01]} Rxh1 {[%emt 0:00:09]} 15. Rxh1 {[%emt 0:00:02]} Ng8 {[%emt 0:00:02]} 16. Rh8 {[%emt 0:00:02]} fxg6 {[%emt 0:00:04]} 17. Qxg6+ {[%emt 0:00:02]} Kd8 {[%emt 0:00:06]} 18. Rxg8+ {[%emt 0:00:01]} Qe8 {[%emt 0:00:01]} 19. Rxe8+ {[%emt 0:00:01]} Kd7 {[%emt 0:00:03]} 20. Qf7 {[%emt 0:00:01]} Rxe8 {[%emt 0:00:01]} 21. Qxg7 {[%emt 0:00:01]} Rf8 {[%emt 0:00:02]} 22. e4 {[%emt 0:00:01]} c5 {[%emt 0:00:02]} 23. d5 {[%emt 0:00:02]} exd5 {[%emt 0:00:02]} 24. exd5 {[%emt 0:00:01] Time (Lag: Av=0.56s, max=5.0s)} 1-0

[Event "Stay Safe Play From Home 220"]
[Site "T#646737Emanuel Laske"]
[Date "2020.06.12"]
[Round "8"]
[White "Klasman"]
[Black "Grizzzly"]
[Result "0-1"]
[WhiteElo "1299"]
[BlackElo "1753"]
[Annotator "NA RC"]
[PlyCount "54"]
[EventDate "2020.06.12"]
[EventType "swiss (blitz)"]

1. f4 {[%emt 0:00:02]} c5 {[%emt 0:00:01]} 2. Nf3 {[%emt 0:00:01]} b6 {[%emt 0:00:01]} 3. e3 {[%emt 0:00:01]} Bb7 {[%emt 0:00:00]} 4. d4 {[%emt 0:00:02]} e6 {[%emt 0:00:01]} 5. c4 {[%emt 0:00:02]} Nf6 {[%emt 0:00:01]} 6. Nc3 {[%emt 0:00:02]} cxd4 {[%emt 0:00:00]} 7. exd4 {[%emt 0:00:02]} Bb4 {[%emt 0:00:00]} 8. Bd2 {[%emt 0:00:02]} O-O {[%emt 0:00:01]} 9. Bd3 {[%emt 0:00:02]} d5 {[%emt 0:00:01]} 10. cxd5 {[%emt 0:00:03]} Bxd5 {[%emt 0:00:01]} 11. Nxd5 {[%emt 0:00:02]} Qxd5 {[%emt 0:00:01]} 12. Bxb4 {[%emt 0:00:03]} Nc6 {[%emt 0:00:04]} 13. Bxf8 {[%emt 0:00:01]} Rxf8 {[%emt 0:00:00]} 14. O-O {[%emt 0:00:02]} Rd8 {[%emt 0:00:01]} 15. Qb3 {[%emt 0:00:03]} Qd7 {[%emt 0:00:02]} 16. Ne5 {[%emt 0:00:02]} Qd6 {[%emt 0:00:05]} 17. Nxc6 {[%emt 0:00:02]} Qxc6 {[%emt 0:00:00]} 18. Rac1 {[%emt 0:00:05]} Qd7 {[%emt 0:00:01]} 19. d5 {[%emt 0:00:02]} Nxd5 {[%emt 0:00:02]} 20. Qc2 {[%emt 0:00:03]} Ne3 {[%emt 0:00:04]} 21. Bxh7+ {[%emt 0:00:03]} Kh8 {[%emt 0:00:01]} 22. Qe4 {[%emt 0:00:01]} Nxf1 {[%emt 0:00:01]} 23. Rxf1 {[%emt 0:00:02]} Qd4+ {[%emt 0:00:03]} 24. Qxd4 {[%emt 0:00:02]} Rxd4 {[%emt 0:00:00]} 25. Bb1 {[%emt 0:00:02]} Rd2 {[%emt 0:00:01]} 26. f5 {[%emt 0:00:01]} Rxb2 {[%emt 0:00:02]} 27. fxe6 {[%emt 0:00:01]} fxe6 {[%emt 0:00:01] Time (Lag: Av=0.43s, max=3.3s)} 0-1